Представление документа в формате RUSMARC

ПолеНазваниеЗначение
  Тип записи a
  Библиографический уровень m
001 Контрольный номер RU/CBS_UL/BASE/f0bf1ddd461549b195766fea8ebf0b3a
005 Дата корректировки 20260205112022.3
010 Индекс ISBN __
9 Тираж экз.
d Цена 6 300 р. 00 к.
090 Данные записи __
b Тип записи Книги
c Язык записи Русский
d Отрасль знаний (КСУ) Другая
e Секретность Несекретно
g Вид записи Монография (однотомник)
100 Данные общей обработки __
a Данные общей обработки 20100805d2013 u u 1rusy ||||ca
101 Язык документа 0_
a Язык текста rus
105 Кодированные данные (монография) __
a Кодированные данные (монография) a z 000yy
200 Заглавие и сведения об ответственности 1_
a Заглавие Международные документы по правам человека
g Последующие сведения об ответственности сост. Е. Г. Барихновская
210 Выходные данные 1_
a Место издания Санкт-Петербург
c Издательство Специальная литература
d Дата издания 1995
215 Физическое описание __
a Объем 122 с.
225 Серия 2_
a Серия Правоведение
300 Общие примечания __
a Общие примечания 18+
606 Тематические рубрики 0_
a Основная рубрика Международное право
610 Ключевые слова 0_
a Ключевые слова право международное; права человека; сборники документов
686 Индексы других классификаций __
a Классификационный индекс 67.412
2 Код системы rubbk
801 Источник записи _0
a Страна RU
b Организация МБУК ЦБС г. Ульяновска
c Дата составления 20100805
801 Источник записи _1
a Страна RU
b Организация МБУК ЦБС г. Ульяновска
c Дата составления 20100805
852 Данные о местонахождении __
i Авторский знак М 43
j Шифр хранения 67.412